| Tag |
First Indicator |
Second Indicator |
Subfields |
| LEADER |
00000cem a2200000Ia 4500 |
| 001 |
in00002766421 |
| 005 |
20150922114145.0 |
| 007 |
aj aanzn |
| 008 |
841129s1981 txu a 1 eng d |
| 034 |
1 |
|
|a a
|b 9600
|
| 035 |
|
|
|a (OCoLC)ocm11433239
|
| 035 |
|
|
|a (OCoLC)11433239
|
| 040 |
|
|
|a OKX
|b eng
|c OKX
|d OCL
|d OCLCQ
|d TXA
|d UtOrBLW
|
| 043 |
|
|
|a n-us-tx
|
| 049 |
|
|
|a TXAM
|
| 090 |
|
|
|a G4034.M39 1981
|b .M3
|
| 110 |
2 |
|
|a Marlin Chamber of Commerce.
|
| 245 |
1 |
0 |
|a City of Marlin, Texas.
|
| 246 |
1 |
|
|i Panel title:
|a Map of Marlin, Falls County Texas.
|
| 255 |
|
|
|a Scale [1:9,600]. 1"=800'
|
| 264 |
|
1 |
|a Marlin, Tex. :
|b The Chamber,
|c 1981.
|
| 300 |
|
|
|a 1 map :
|b color ;
|c 55 x 42 cm.
|
| 336 |
|
|
|a cartographic image
|b cri
|2 rdacontent
|
| 337 |
|
|
|a unmediated
|b n
|2 rdamedia
|
| 338 |
|
|
|a sheet
|b nb
|2 rdacarrier
|
| 500 |
|
|
|a Includes indexl.
|
| 500 |
|
|
|a Map of "General map, Falls County Texas," text and col. ill. on verso.
|
| 500 |
|
|
|a Cartographic material.
|
| 651 |
|
0 |
|a Marlin (Tex.)
|v Maps.
|
| 651 |
|
0 |
|a Falls County (Tex.)
|v Maps.
|
| 948 |
|
|
|a cataloged
|b h
|c 2012/9/4
|d c
|e jgreene
|f 9:53:59 am
|
| 994 |
|
|
|a C0
|b TXA
|
| 999 |
|
|
|a MARS
|
| 999 |
f |
f |
|s f7c2a16d-ad07-3bde-ac31-fb9901beb19c
|i 076d77a6-ee30-317e-9ad5-0e9a6f156e79
|t 0
|
| 952 |
f |
f |
|p normal
|a Texas A&M University
|b College Station
|c Sterling C. Evans Library
|d Evans: Maps (2nd floor)
|t 0
|e G4034.M39 1981 .M3
|h Library of Congress classification
|i unmediated -- sheet
|m A14841105913
|
| 998 |
f |
f |
|a G4034.M39 1981 .M3
|t 0
|l Evans: Maps (2nd floor)
|